000 00696cam a2200205 i 4500
001 BD-DhSAU 4769
003 BD-DhSAU
005 20150226094142.0
008 790716s1978 ru af 000 0 eng
040 _aBD-DhSAU
082 0 0 _a---
_222
_bBRV
100 1 _aBrezhnev, Leonid
_d1906-1982.
245 1 4 _aThe virgin lands /
_cLeonid Brezhnev ; translated from the Russian by Robert Daglish.
260 _aMoscow :
_bProgress Publishers ,
_cc1978.
300 _a183 p. :
_bill. ;
_c18 cm.
590 _atamanna
650 0 _aAgriculture and state
_zKazakhstan
_xHistory.
650 0 _aAgricultural colonies
_zKazakhstan
_xHistory.
650 0 _aAgricultural development projects
_zKazakhstan
_xHistory.
942 _2ddc
_cBOOK
999 _c4769
_d4769